| 000 | 01090cab a2200241 4500 | ||
|---|---|---|---|
| 001 | ABS44589 | ||
| 008 | 090401t1991 xxu||||| |||| 00| 0 eng d | ||
| 035 | _a(Sirsi) u47909 | ||
| 041 | _aeng | ||
| 100 | _aWootton, J. | ||
| 245 | _aTransport options and the future of cities | ||
| 260 | _c1991 | ||
| 350 | _a0 | ||
| 490 |
_aProperty Management _v9(2) Spring 1991, 123-129(7) |
||
| 520 | _aComparing the present situation with that of thirty years ago, as described in "Traffic in Towns", increased car ownership is seen again to be creating as many problems, traffic congestion , pollution , accidents and expense, as the benefits of freedom gained. Seeing the need for improvement, the author examines some of the complexities of the problem faced by planners, stresses the need for change and presents options for the future. | ||
| 650 | _aPROPERTY-INFRASTRUCTURE-TRANSPORT INFRASTRUCTURE-ROAD INFRASTRUCTURE | ||
| 650 | _aTOWN PLANNING | ||
| 650 | _aTRANSPORT | ||
| 650 | _aURBAN TRANSPORT | ||
| 690 | _aTRANSPORT AND COMMUNICATIONS | ||
| 942 | _n0 | ||
| 948 | _c04/03/1997 | ||
| 999 |
_c30136 _d30136 |
||